000 00647nam a22002057a 4500
005 20251108172049.0
008 250721s1999 xx 000 0 ara d
082 1 4 _a923.156/طوخ
100 1 _aالطوخي، رشيد بن محمد
_eمؤلف
245 1 0 _aقاموس الرشيد السياسي :
_bملوك . رؤساء . قادة . /
246 1 1 _aAl Rasheed Politic Dictionary
264 1 _aباريس :
_bمؤسسة الوقائع للدراسات،
_c1999.
300 _a215ص.
650 1 7 _aالتراجم
650 1 7 _aالقادة
650 1 7 _aالرؤساء
650 1 7 _aالملوك
942 _2ddc
_cBK
999 _c69536
_d69536